Psychológia a komunikácia modul 4

Guardado en:
Detalles Bibliográficos
Autor principal: Szarková, Miroslava, 1951-
Autores Corporativos: Leonardo da Vinci, Ekonomická univerzita v Bratislave
Otros Autores: Kristová, Gabriela, Žák, František, Hasprová, Mária, 1970-, Holková, Andrea, Šimkovicová, Viera, Závodný, Peter
Formato: Libro
Lenguaje:eslovaco
Publicado: Bratislava Vydavateľstvo EKONÓM 2004
Materias:
Etiquetas: Agregar Etiqueta
Sin Etiquetas, Sea el primero en etiquetar este registro!

MARC

LEADER 00000nam$a2200000$$$4500
001 0035680
005 20240502071448.3
020 |a 80-225-1899-9 
041 0 |a slo 
044 |a SK 
245 1 0 |a Psychológia a komunikácia  |b modul 4 
264 1 |a Bratislava  |b Vydavateľstvo EKONÓM  |c 2004 
300 |a 135 s. 
610 2 0 |a psychológia 
610 2 0 |a komunikácia 
610 2 0 |a podnik 
610 2 0 |a psychológia podniková 
610 2 0 |a osobnosť 
610 2 0 |a proces pracovný 
610 2 0 |a metódy 
610 2 0 |a motivácia 
610 2 0 |a internet 
610 2 0 |a komunikácia elektronická 
610 2 0 |a pošta elektronická 
610 2 0 |a reklama 
610 2 0 |a štúdie prípadové 
610 2 0 |a manažéri 
610 2 0 |a projekty medzinárodné 
100 1 |a Szarková, Miroslava, 1951- 
700 1 |a Kristová, Gabriela 
700 1 |a Žák, František 
700 1 |a Hasprová, Mária, 1970- 
700 1 |a Holková, Andrea 
700 1 |a Šimkovicová, Viera 
700 1 |a Závodný, Peter 
710 2 |a Leonardo da Vinci 
710 2 |a Ekonomická univerzita v Bratislave